000 00815cam a22002777a 4500
003 CHAP
005 20220329134245.0
008 971013s1901 mx r 00010 spa d
010 _a17716
011 _a18688
035 _a22773
040 _cCHAP
082 0 4 _a634.81
_bH5
100 0 0 _aHinojosa, Gabriel.
_955535
245 1 3 _aEl black-rot de la uva
_b: Physalospora bidwelli sacc.
260 _aMéxico, D. F. :
_b(s.e.),
_c1901
300 _app. 239-246
501 _aEnc. con otros impresos similares
590 _aBATCH-UPD
_b10
_c20130110
_lUCH01
_h0143
590 _aBATCH-UPD
_b10
_c20130110
_lUCH01
_h2130
590 _aCONVERSION
_b10
_c20130109
_lUCH01
_h1311
650 1 4 _aUva
_xEnfermedades.
_9117126
901 _aBK
942 _cLIBRO
949 _a634.81 H5
_bBC
_cBPP
_d-53217
_eBPP
_h23370
_i22773
_si
999 _c17716
_d17716